El lenguaje.

Shranjeno v:
Bibliografske podrobnosti
Glavni avtor: Hjelmslev, Louis (autor)
Drugi avtorji: Catalina, María Victoria (versión española)
Format: Knjiga
Jezik:španščina
Izdano: Madrid, España: Gredos, 1972.
Izdaja:Segunda edición aumentada.
Serija:Biblioteca Románica Hispánica III. Manuales
Teme:
Oznake: Označite
Brez oznak, prvi označite!

MARC

LEADER 00000nam a2200000 a 4500
001 UCQ9917
003 CL-VaPUC
005 20220822114450.0
008 990127e19720000SP |||||||||||||||||spa|d
999 |c 435757  |d 435755 
020 |a 84-249-1159-8 (rústica) 
040 |c Pontificia Universidad Católica de Valparaíso 
082 0 4 |a 401 HJE 1972  |2 21 
100 |a Hjelmslev, Louis  |e autor  |9 519929 
245 1 3 |a El lenguaje. 
250 |a Segunda edición aumentada. 
260 |a Madrid, España:  |b Gredos,  |c 1972. 
300 |a 193 páginas  
490 0 |a Biblioteca Románica Hispánica III. Manuales 
500 |a c.1. Donación Familia Prof. Alejandro Guzmán Brito. 
583 |a last modification  |c 19990127 00:00:00  |k Cristina María Rojas Aguilar 
650 0 |a Filosofía del lenguaje  |9 257082 
650 0 |a Lingüística  |9 265068 
700 |a Catalina, María Victoria  |e versión española  |9 870112 
942 |c BK  |2 ddc  |n 0 
952 |0 0  |1 0  |2 ddc  |4 0  |6 401_000000000000000_HJE_1972  |7 0  |8 C_AGB  |9 583355  |a BIBDER  |b BIBDER  |d 2022-06-02  |e Donación   |i 5651488  |o 401 HJE 1972  |p 5651488  |r 2023-01-25  |t 1  |w 2022-06-02  |y BK_US  |k AGB